000 00421nam a2200181Ia 4500
001 14199
005 20260306164857.0
008 260306t2006||||xx |||||||||||||| ||spa||
041 _aESP
082 _a510.07
_bD11
100 _aD'Amore, Bruno
_eAUT
245 0 _aDidáctica de la matemática
260 _c2006
300 _a470 páginas :
_c23 cm.
650 _aGEN
654 _aCMA
942 _cLIB
_dJUS
_fJUS
_2ddc
_n
999 _c14199
_d14199